000 00712nam a22002177a 4500
003 UA-OsUOA
001 68776
007 ta
008 20100518b un ||||| |||| 00| 0 ukr d
100 _aГоловне управління статистики у Рівненській області
090 _a908
_bГ61
942 _cSA
040 _aUA-OsUOA
_bukr
_cUA-OsUOA
_dUA-OsUOA
245 _aСоціально-економічне становище Острозького району та міста Острога за січень-березень 2010 року
300 _aС.8
955 _a0
041 _aukr
080 _a908
773 0 _w68775
650 7 _a908 Краєзнавство
_2UDC
999 _c355030
_d355030